[Event "Arco op 36th"]
[Site "Arco"]
[Date "2014.10.10"]
[Round "7"]
[White "Mombelli, Antonio"]
[Black "Occari, Maurizio"]
[Result "0-1"]
[WhiteElo "1832"]
[BlackElo "2036"]
[PlyCount "59"]
[EventDate "2014.10.04"]
[EventType "swiss"]
[EventRounds "9"]
[EventCountry "ITA"]
[SourceTitle "EXT 2016"]
[Source "ChessBase"]
[SourceDate "2015.10.08"]
[SourceVersion "1"]
[SourceVersionDate "2015.10.08"]
[SourceQuality "1"]

1. e4 g6 2. d4 Bg7 3. Nf3 d6 4. c3 Nf6 5. Bd3 c5 6. dxc5 dxc5 7. 0-0 0-0 8. h3 Qc7 9. Qe2 Nc6 10. Rd1 Nh5 11. Be3 b6 12. Bc2 Bb7 13. Nbd2 Nf4 14. Qe1 Ba6 15. Nf1 Rad8 16. Rxd8 Rxd8 17. Rd1 Nd3 18. Bxd3 Bxd3 19. Ng3 c4 20. Nd2 Be5 21. Ne2 b5 22. f4 Bxe2 23. Qxe2 Bxf4 24. Rf1 Bxe3+ 25. Qxe3 Rd3 26. Qe2 Ne5 27. Kh1 Qd6 28. Nf3 Nxf3 29. Rxf3 Rd2 30. Qe3 0-1

[Event "Bad Woerishofen Seniors op 30th"]
[Site "Bad Woerishofen"]
[Date "2014.03.29"]
[Round "9"]
[White "Mombelli, Antonio"]
[Black "Reichwald, Klaus Dieter"]
[Result "1/2-1/2"]
[WhiteElo "1806"]
[BlackElo "1894"]
[PlyCount "170"]
[EventDate "2014.03.21"]
[EventType "swiss"]
[EventRounds "9"]
[EventCountry "GER"]
[SourceTitle "EXT 2019"]
[Source "ChessBase"]
[SourceDate "2018.10.10"]
[SourceVersion "1"]
[SourceVersionDate "2018.10.10"]
[SourceQuality "1"]

1. e4 d6 2. d4 Nf6 3. Nc3 g6 4. f4 Bg7 5. Nf3 0-0 6. Be2 Nbd7 7. e5 Ne8 8. 0-0 e6 9. Ne4 d5 10. Ng3 c5 11. c3 b6 12. h4 h5 13. Ng5 Nb8 14. Bxh5 Bh6 15. Be2 f6 16. Nf3 Ng7 17. Be3 cxd4 18. cxd4 Nc6 19. Qd2 Bd7 20. Rac1 Rc8 21. Bd3 Nf5 22. Nxf5 gxf5 23. g3 Kh8 24. exf6 Qxf6 25. Ne5 Nxe5 26. fxe5 Bxe3+ 27. Qxe3 Qg6 28. Rxc8 Rxc8 29. Kh2 Rg8 30. Qf4 Qh5 31. Qe3 Qg6 32. Be2 Be8 33. Rc1 Qh7 34. Rc8 Qg7 35. Qf4 Bg6 36. Rxg8+ Kxg8 37. Qg5 Be8 38. Qxg7+ Kxg7 39. Kg2 Kh6 40. Kf2 Bd7 41. Ke3 Be8 42. b4 b5 43. Kf4 a6 44. Ke3 Bd7 45. Kd2 Bc6 46. a4 Bd7 47. axb5 axb5 48. Ke3 Kg6 49. Kf4 Kh6 50. g4 fxg4 51. Kxg4 Be8 52. Bd3 Bh5+ 53. Kf4 Be8 54. Be2 Bd7 55. Bg4 Bc8 56. Kg3 Bd7 57. Bh3 Bc8 58. Kg4 Bd7 59. Kg3 Bc8 60. Kf4 Bd7 61. Kg4 Bc8 62. h5 Bd7 63. Kh4 Bc8 64. Bg4 Bd7 65. Bf3 Bc6 66. Be2 Bd7 67. Bg4 Bc8 68. Bh3 Bd7 69. Bf1 Bc6 70. Bd3 Be8 71. Bf1 Bd7 72. Be2 Bc6 73. Bg4 Bd7 74. Bh3 Bc8 75. Bf1 Bd7 76. Bd3 Be8 77. Be2 Bd7 78. Bd1 Bc6 79. Bc2 Be8 80. Bd3 Bc6 81. Bg6 Bd7 82. Kg4 Bc6 83. Bf7 Bd7 84. Kh4 Kg7 85. Bg6 Kh6 1/2-1/2

[Event "Bad Woerishofen Seniors op 30th"]
[Site "Bad Woerishofen"]
[Date "2014.03.24"]
[Round "4"]
[White "Zwetz, Anita"]
[Black "Mombelli, Antonio"]
[Result "1/2-1/2"]
[WhiteElo "1897"]
[BlackElo "1806"]
[PlyCount "111"]
[EventDate "2014.03.21"]
[EventType "swiss"]
[EventRounds "9"]
[EventCountry "GER"]
[SourceTitle "EXT 2019"]
[Source "ChessBase"]
[SourceDate "2018.10.10"]
[SourceVersion "1"]
[SourceVersionDate "2018.10.10"]
[SourceQuality "1"]

1. d4 d5 2. Nf3 Nf6 3. Bg5 Ne4 4. Bf4 Nd7 5. Nbd2 Nef6 6. e3 e6 7. Bd3 Be7 8. Qe2 c5 9. c3 0-0 10. g4 Re8 11. Ne5 Nxe5 12. dxe5 Nd7 13. g5 Nf8 14. h4 d4 15. exd4 cxd4 16. c4 Bd7 17. Rg1 a6 18. Ne4 Bb4+ 19. Kf1 Kh8 20. h5 b5 21. a3 bxc4 22. Bxc4 Be7 23. Nf6 Bxf6 24. gxf6 g6 25. Bh6 Bb5 26. Bxb5 axb5 27. Bg7+ Kg8 28. Bxf8 Rxf8 29. Qd2 Kh8 30. Qh6 Rg8 31. Rh1 Ra7 32. hxg6 fxg6 33. Qf4 Rf8 34. Rd1 Qd5 35. Rh3 Rd7 36. Rdd3 Kg8 37. Qg5 Qe4 38. Qg3 Rc8 39. Rd1 Rc5 40. Rh4 Qxe5 41. Qxe5 Rxe5 42. Rdxd4 Red5 43. Rde4 e5 44. Rh3 h5 45. Rhe3 Kf7 46. Rxe5 Kxf6 47. Re8 R7d6 48. Rf8+ Kg7 49. Rb8 Rf5 50. Ke2 Rc6 51. Rc3 Rcf6 52. Rb7+ Kh6 53. f3 Re6+ 54. Kf2 Rd6 55. b3 Rd2+ 56. Ke3 1/2-1/2

[Event "Bad Woerishofen Seniors op 30th"]
[Site "Bad Woerishofen"]
[Date "2014.03.23"]
[Round "3"]
[White "Mombelli, Antonio"]
[Black "Young, Melvyn Jack"]
[Result "1/2-1/2"]
[WhiteElo "1806"]
[BlackElo "1917"]
[PlyCount "41"]
[EventDate "2014.03.21"]
[EventType "swiss"]
[EventRounds "9"]
[EventCountry "GER"]
[SourceTitle "EXT 2019"]
[Source "ChessBase"]
[SourceDate "2018.10.10"]
[SourceVersion "1"]
[SourceVersionDate "2018.10.10"]
[SourceQuality "1"]

1. e4 c5 2. c3 d6 3. d4 Nf6 4. Bd3 Nc6 5. Ne2 g6 6. 0-0 Bg7 7. f3 0-0 8. Be3 cxd4 9. cxd4 Nb4 10. Bb5 Bd7 11. Bxd7 Qxd7 12. a3 Nc6 13. Nbc3 e6 14. Rc1 Rac8 15. b4 Ne7 16. Qd2 d5 17. Bh6 Ne8 18. Bxg7 Kxg7 19. e5 f6 20. f4 f5 21. Rc2 1/2-1/2

[Event "Arco op 34th"]
[Site "Arco"]
[Date "2012.10.18"]
[Round "6"]
[White "Prelati, Maurizio"]
[Black "Mombelli, Antonio"]
[Result "1/2-1/2"]
[WhiteElo "1976"]
[BlackElo "1799"]
[PlyCount "92"]
[EventDate "2012.10.13"]
[EventType "swiss"]
[EventRounds "9"]
[EventCountry "ITA"]
[SourceTitle "EXT 2013"]
[Source "ChessBase"]
[SourceDate "2012.11.22"]
[SourceVersion "1"]
[SourceVersionDate "2012.11.22"]
[SourceQuality "1"]

1. e4 d6 2. d4 Nf6 3. Nc3 g6 4. f4 Bg7 5. Nf3 c5 6. Bb5+ Bd7 7. e5 Ng4 8. e6 fxe6 9. Ng5 Bxb5 10. Nxb5 Qa5+ 11. c3 Qxb5 12. Nxe6 Qd7 13. Qxg4 Bf6 14. d5 Na6 15. f5 Nc7 16. fxg6 Nxe6 17. dxe6 Qc6 18. g7 Bxg7 19. Qxg7 Qe4+ 20. Kd1 0-0-0 21. Re1 Qd3+ 22. Bd2 Rhg8 23. Qh6 Rxg2 24. Qe3 Qg6 25. Qe4 Qh5+ 26. Kc2 Rdg8 27. Rad1 R8g4 28. Qf3 Qg6+ 29. Kc1 Qg7 30. Qf7 Rxh2 31. Rf1 Kc7 32. Qxg7 Rxg7 33. Rde1 Rgg2 34. Rd1 Rg6 35. Rfe1 h5 36. c4 h4 37. Bf4 Rf2 38. Bxd6+ Kb6 39. Bxe7 Rgg2 40. Bd8+ Ka6 41. Bf6 Rxf6 42. Rd2 Rxd2 43. Kxd2 Rf8 44. Ke2 Kb6 45. e7 Re8 46. Kf3 Kc7 1/2-1/2

[Event "Arco op 34th"]
[Site "Arco"]
[Date "2012.10.17"]
[Round "5"]
[White "Mombelli, Antonio"]
[Black "Espinosa Cancino, Cristina"]
[Result "1/2-1/2"]
[WhiteElo "1799"]
[BlackElo "1479"]
[PlyCount "82"]
[EventDate "2012.10.13"]
[EventType "swiss"]
[EventRounds "9"]
[EventCountry "ITA"]
[SourceTitle "EXT 2013"]
[Source "ChessBase"]
[SourceDate "2012.11.22"]
[SourceVersion "1"]
[SourceVersionDate "2012.11.22"]
[SourceQuality "1"]

1. e4 e5 2. Nf3 Nc6 3. d4 exd4 4. Nxd4 Bc5 5. Be3 Bb6 6. Nf5 Qf6 7. Nc3 Nge7 8. Bxb6 axb6 9. Nxe7 Nxe7 10. Be2 0-0 11. 0-0 Rd8 12. Bf3 d6 13. Qc1 Be6 14. a3 d5 15. exd5 Nxd5 16. Ne4 Qg6 17. c3 c6 18. Qg5 Bf5 19. Qxg6 Bxg6 20. g3 Rd7 21. Rad1 Rad8 22. Rfe1 h6 23. Nd2 Nxc3 24. bxc3 Rxd2 25. Rxd2 Rxd2 26. Re8+ Kh7 27. Re7 Rd3 28. Kg2 Rxc3 29. Rxb7 b5 30. Rb6 c5 31. Rxb5 Bd3 32. Ra5 c4 33. Bd5 f6 34. Ra4 Rc1 35. Rb4 h5 36. h4 c3 37. Be4+ Bxe4+ 38. Rxe4 c2 39. Rc4 Kg6 40. a4 Ra1 41. Rxc2 Rxa4 1/2-1/2

[Event "Arco op 34th"]
[Site "Arco"]
[Date "2012.10.14"]
[Round "2"]
[White "Karl, Hans"]
[Black "Mombelli, Antonio"]
[Result "1-0"]
[WhiteElo "2141"]
[BlackElo "1799"]
[PlyCount "77"]
[EventDate "2012.10.13"]
[EventType "swiss"]
[EventRounds "9"]
[EventCountry "ITA"]
[SourceTitle "EXT 2013"]
[Source "ChessBase"]
[SourceDate "2012.11.22"]
[SourceVersion "1"]
[SourceVersionDate "2012.11.22"]
[SourceQuality "1"]

1. e4 d6 2. d4 Nf6 3. Nc3 g6 4. f4 Bg7 5. Nf3 c5 6. dxc5 Qa5 7. Bd3 Qxc5 8. Qe2 0-0 9. Be3 Qc7 10. 0-0 Nc6 11. Nb5 Qd8 12. c3 Ng4 13. Bd2 a6 14. Na3 Qc7 15. h3 Nf6 16. Nc4 Nd7 17. Ne3 e6 18. Bc2 b5 19. Rad1 Bb7 20. f5 Nce5 21. Ng5 exf5 22. exf5 Nf6 23. fxg6 hxg6 24. Qf2 Qe7 25. Qh4 Nh5 26. Ng4 f5 27. Bb3+ Nc4 28. Rfe1 Qd8 29. Ne3 d5 30. Bc1 Qb6 31. Kh1 Rae8 32. Nxd5 Bxd5 33. Rxd5 f4 34. Kh2 Bf6 35. Rxe8 Rxe8 36. Bxf4 Re4 37. Qg4 Rxf4 38. Qc8+ Kg7 39. Qd7+ 1-0

[Event "Arco op 34th"]
[Site "Arco"]
[Date "2012.10.13"]
[Round "1"]
[White "Mombelli, Antonio"]
[Black "Trauth, Michael"]
[Result "1/2-1/2"]
[WhiteElo "1799"]
[BlackElo "2159"]
[PlyCount "45"]
[EventDate "2012.10.13"]
[EventType "swiss"]
[EventRounds "9"]
[EventCountry "ITA"]
[SourceTitle "EXT 2013"]
[Source "ChessBase"]
[SourceDate "2012.11.22"]
[SourceVersion "1"]
[SourceVersionDate "2012.11.22"]
[SourceQuality "1"]

1. e4 c5 2. c3 g6 3. Nf3 Bg7 4. d4 d5 5. dxc5 Nf6 6. exd5 0-0 7. Be2 Nxd5 8. 0-0 Nc6 9. Na3 Be6 10. Nb5 Qa5 11. Nbd4 Qxc5 12. Nxe6 fxe6 13. Ng5 Qd6 14. Bg4 Nd8 15. Qe2 Nf4 16. Bxf4 Qxf4 17. Nxe6 Nxe6 18. Bxe6+ Kh8 19. Rad1 Rad8 20. g3 Qe5 21. Qxe5 Bxe5 22. Rfe1 Bd6 23. Kg2 1/2-1/2

[Event "ITA-ch C"]
[Site "Civitanova Marche"]
[Date "2012.07.19"]
[Round "5"]
[White "Marconi, Luca"]
[Black "Mombelli, Antonio"]
[Result "1/2-1/2"]
[WhiteElo "1820"]
[BlackElo "1808"]
[PlyCount "50"]
[EventDate "2012.07.15"]
[EventType "swiss"]
[EventRounds "8"]
[EventCountry "ITA"]
[SourceTitle "EXT 2023"]
[Source "ChessBase"]
[SourceDate "2022.10.05"]
[SourceVersion "1"]
[SourceVersionDate "2022.10.05"]
[SourceQuality "1"]

1. d4 d5 2. c4 e6 3. Nf3 Nf6 4. e3 Nbd7 5. Nbd2 c6 6. Bd3 Be7 7. b3 b6 8. 0-0 Bb7 9. Bb2 0-0 10. Rc1 Rc8 11. e4 dxe4 12. Nxe4 Nxe4 13. Bxe4 Nf6 14. Bb1 c5 15. Qe2 Bxf3 16. gxf3 cxd4 17. Rfd1 Bc5 18. b4 Bxb4 19. Rxd4 Qe7 20. Rh4 Rfd8 21. Qe5 Ba3 22. Bxh7+ Kf8 23. Bc2 Bxb2 24. Rh8+ Ng8 25. Bh7 Qf6 1/2-1/2

[Event "ITA-ch C"]
[Site "Civitanova Marche"]
[Date "2012.07.18"]
[Round "4"]
[White "Mastroddi, Giuseppe"]
[Black "Mombelli, Antonio"]
[Result "0-1"]
[WhiteElo "1684"]
[BlackElo "1808"]
[PlyCount "112"]
[EventDate "2012.07.15"]
[EventType "swiss"]
[EventRounds "8"]
[EventCountry "ITA"]
[SourceTitle "EXT 2023"]
[Source "ChessBase"]
[SourceDate "2022.10.05"]
[SourceVersion "1"]
[SourceVersionDate "2022.10.05"]
[SourceQuality "1"]

1. d4 d5 2. Nf3 Nf6 3. e3 c5 4. b3 cxd4 5. exd4 Nc6 6. Bb2 Bf5 7. Bd3 Bxd3 8. Qxd3 e6 9. 0-0 Be7 10. Qe2 0-0 11. Nbd2 Rc8 12. c4 Re8 13. Ne5 dxc4 14. Nxc6 Rxc6 15. Nxc4 Qc7 16. Rac1 Rc8 17. a4 Nd5 18. Ne3 Qd7 19. Rxc6 Rxc6 20. Nc4 Qc8 21. g3 a6 22. a5 Qc7 23. Rc1 Bb4 24. Qd1 Bxa5 25. Nxa5 Qxa5 26. Rxc6 bxc6 27. Qc1 Qb5 28. Qc5 h6 29. Qxb5 cxb5 30. Bc1 Kf8 31. Bd2 Ke8 32. h4 Kd7 33. f3 h5 34. g4 g6 35. Kf2 f5 36. gxh5 gxh5 37. Ke2 Ne7 38. Ke3 Ng6 39. Be1 Kc6 40. b4 Kd5 41. Kd3 Kc6 42. Ke3 Kd6 43. Bg3+ Kd5 44. Kd3 f4 45. Be1 e5 46. dxe5 Nxe5+ 47. Ke2 Kd4 48. Bd2 Ng6 49. Be1 Ne7 50. Bd2 Nd5 51. Bc1 Kc4 52. Bd2 Nxb4 53. Bxf4 Nd5 54. Bc1 b4 55. f4 Ne7 56. Kd2 Nf5 0-1

[Event "ITA-ch C"]
[Site "Civitanova Marche"]
[Date "2012.07.16"]
[Round "2"]
[White "Catalano, Luigi"]
[Black "Mombelli, Antonio"]
[Result "1/2-1/2"]
[WhiteElo "1690"]
[BlackElo "1808"]
[PlyCount "81"]
[EventDate "2012.07.15"]
[EventType "swiss"]
[EventRounds "8"]
[EventCountry "ITA"]
[SourceTitle "EXT 2023"]
[Source "ChessBase"]
[SourceDate "2022.10.05"]
[SourceVersion "1"]
[SourceVersionDate "2022.10.05"]
[SourceQuality "1"]

1. g3 d5 2. Bg2 Nf6 3. f4 c6 4. Nf3 e6 5. 0-0 Bc5+ 6. d4 Bb6 7. Nc3 Nbd7 8. Kh1 0-0 9. Ne5 a6 10. e3 c5 11. g4 Nxe5 12. fxe5 Nd7 13. Ne2 f6 14. Nf4 Qe8 15. exf6 Nxf6 16. g5 Ne4 17. Bxe4 dxe4 18. c3 Bd7 19. Bd2 Bc6 20. Qb3 Rxf4 21. Rxf4 Bc7 22. Rf2 cxd4 23. Raf1 Bd6 24. Qd1 Qg6 25. Qg4 Bc5 26. cxd4 Bxd4 27. Bb4 h6 28. Kg2 Bxe3 29. Rf7 Qxf7 30. Rxf7 Kxf7 31. gxh6 Bxh6 32. Bc3 Bd5 33. a3 Rf8 34. Bb4 Rc8 35. Qh5+ Kg8 36. Bc3 Rf8 37. Qe2 e3+ 38. Kh3 Rf3+ 39. Kg4 Rf4+ 40. Kg3 Rf3+ 41. Kg4 1/2-1/2

[Event "Arco op 33rd"]
[Site "Arco"]
[Date "2011.10.25"]
[Round "4"]
[White "Mombelli, Antonio"]
[Black "De Simone Sorrentino, Fabio"]
[Result "1/2-1/2"]
[WhiteElo "1836"]
[BlackElo "1705"]
[PlyCount "62"]
[EventDate "2011.10.22"]
[EventType "swiss"]
[EventRounds "9"]
[EventCountry "ITA"]
[SourceTitle "EXT 2012"]
[Source "ChessBase"]
[SourceDate "2011.11.24"]
[SourceVersion "1"]
[SourceVersionDate "2011.11.24"]
[SourceQuality "1"]

1. e4 e6 2. d4 d5 3. e5 c5 4. c3 Qb6 5. Nf3 Nc6 6. a3 c4 7. Be2 Na5 8. Nbd2 Bd7 9. Rb1 Bb5 10. 0-0 Qc6 11. b3 Nxb3 12. Nxb3 Ba4 13. Nfd2 cxb3 14. Bb2 g6 15. c4 Ne7 16. Rc1 Qd7 17. h4 Nf5 18. Qe1 Nxh4 19. cxd5 Qxd5 20. f3 Nf5 21. Bc4 Qd7 22. Nxb3 b5 23. Qe4 Rc8 24. Bxe6 fxe6 25. Rxc8+ Qxc8 26. Rc1 Qd8 27. Qc6+ Kf7 28. Qb7+ Kg8 29. Nd2 Qg5 30. Ne4 Qe3+ 31. Kh2 Qh6+ 1/2-1/2

[Event "Wch Seniors 20th"]
[Site "Arco"]
[Date "2010.11.01"]
[Round "6"]
[White "Mombelli, Antonio"]
[Black "Pipitone, Antonio"]
[Result "1-0"]
[WhiteElo "1828"]
[BlackElo "2048"]
[PlyCount "74"]
[EventDate "2010.10.26"]
[EventType "swiss"]
[EventRounds "11"]
[EventCountry "ITA"]
[SourceTitle "EXT 2011"]
[Source "ChessBase"]
[SourceDate "2010.11.26"]
[SourceVersion "1"]
[SourceVersionDate "2010.11.26"]
[SourceQuality "1"]

1. e4 c5 2. c3 Nf6 3. e5 Nd5 4. Nf3 Nc6 5. Bc4 e6 6. 0-0 Nb6 7. Bb3 d5 8. exd6 Bxd6 9. d4 cxd4 10. Nxd4 0-0 11. Nxc6 bxc6 12. Nd2 Nd5 13. Ne4 Be7 14. Qe2 a5 15. Rd1 Qc7 16. Bg5 Bxg5 17. Nxg5 h6 18. Nf3 Ba6 19. Qe5 Qc8 20. Re1 Bb7 21. Nd4 c5 22. Nb5 Qc6 23. Bxd5 exd5 24. Nd6 Rab8 25. Nxb7 Rxb7 26. b3 Rd8 27. Red1 Kf8 28. Rd2 Re7 29. Qg3 Rde8 30. f3 Re3 31. Rad1 R8e5 32. Qh4 f6 33. f4 Re8 34. Rxd5 Rxc3 35. Qg4 Rc2 36. Rd7 g5 37. Qh3 Qe6 1-0

[Event "Arco op 32nd"]
[Site "Arco"]
[Date "2010.10.20"]
[Round "5"]
[White "Mombelli, Antonio"]
[Black "Carrozza, Gregorio"]
[Result "1/2-1/2"]
[WhiteElo "1828"]
[BlackElo "1667"]
[PlyCount "64"]
[EventDate "2010.10.16"]
[EventType "swiss"]
[EventRounds "9"]
[EventCountry "ITA"]
[SourceTitle "EXT 2024"]
[Source "ChessBase"]
[SourceDate "2023.10.10"]
[SourceVersion "1"]
[SourceVersionDate "2023.10.10"]
[SourceQuality "1"]

1. e4 e5 2. Nf3 Nf6 3. Nxe5 d6 4. Nf3 Nxe4 5. c4 c6 6. Nc3 Nf6 7. d4 d5 8. h3 Bb4 9. a3 Bxc3+ 10. bxc3 0-0 11. Be2 dxc4 12. Bxc4 Re8+ 13. Be2 Ne4 14. Bd2 Nd7 15. 0-0 Nb6 16. Qc2 Bf5 17. Bd3 Nxd2 18. Qxd2 Bxd3 19. Qxd3 Qd5 20. Qc2 Nc4 21. a4 Re7 22. Rfe1 Rae8 23. Rxe7 Rxe7 24. Ne1 b6 25. Nf3 f6 26. Re1 Rxe1+ 27. Nxe1 g6 28. Nd3 a5 29. Nf4 Qd6 30. Qb3 Qxf4 31. Qxc4+ Kg7 32. Qxc6 Qc1+ 1/2-1/2

[Event "Arco op 32nd"]
[Site "Arco"]
[Date "2010.10.19"]
[Round "4"]
[White "Martinez, Guido"]
[Black "Mombelli, Antonio"]
[Result "1-0"]
[WhiteElo "1915"]
[BlackElo "1828"]
[PlyCount "31"]
[EventDate "2010.10.16"]
[EventType "swiss"]
[EventRounds "9"]
[EventCountry "ITA"]
[SourceTitle "EXT 2024"]
[Source "ChessBase"]
[SourceDate "2023.10.10"]
[SourceVersion "1"]
[SourceVersionDate "2023.10.10"]
[SourceQuality "1"]

1. e4 Nf6 2. Nc3 d5 3. exd5 Nxd5 4. Bc4 Nxc3 5. Qf3 e6 6. dxc3 Be7 7. Be3 Bf6 8. Ne2 0-0 9. Rd1 Qe7 10. Ng3 g6 11. Ne4 Nd7 12. Rxd7 Bxc3+ 13. bxc3 Bxd7 14. Nf6+ Kg7 15. Bg5 Qc5 16. Nh5+ 1-0

[Event "Arco op 32nd"]
[Site "Arco"]
[Date "2010.10.18"]
[Round "3"]
[White "Mombelli, Antonio"]
[Black "Pistone, Salvatore"]
[Result "1-0"]
[WhiteElo "1828"]
[BlackElo "1725"]
[PlyCount "129"]
[EventDate "2010.10.16"]
[EventType "swiss"]
[EventRounds "9"]
[EventCountry "ITA"]
[SourceTitle "EXT 2024"]
[Source "ChessBase"]
[SourceDate "2023.10.10"]
[SourceVersion "1"]
[SourceVersionDate "2023.10.10"]
[SourceQuality "1"]

1. e4 c5 2. c3 Nc6 3. d4 cxd4 4. cxd4 d6 5. h3 Bd7 6. Nc3 Nf6 7. Nf3 e6 8. Be2 a6 9. a3 b5 10. b4 Be7 11. Be3 0-0 12. 0-0 Qb8 13. Rc1 Rd8 14. Qc2 Be8 15. Bd3 e5 16. d5 Na7 17. Nd2 Nd7 18. Nb3 Nb6 19. Na5 Rc8 20. Qd2 Rc7 21. Rc2 Nc4 22. Nxc4 bxc4 23. Bxc4 Nb5 24. Bxb5 axb5 25. Nb1 Rxc2 26. Qxc2 Bd7 27. Rc1 Qc8 28. Qb2 Qb7 29. Nd2 Rc8 30. Nb3 Rxc1+ 31. Qxc1 Qc8 32. Qxc8+ Bxc8 33. Na5 Bd8 34. Nc6 Bf6 35. Bb6 Kf8 36. Bd8 Bxd8 37. Nxd8 Ke8 38. Nc6 g6 39. f3 Kd7 40. Kf2 Bb7 41. Na5 Bc8 42. Ke3 f5 43. g3 Ke7 44. Nc6+ Kf6 45. h4 h6 46. f4 exf4+ 47. gxf4 fxe4 48. Kxe4 Bf5+ 49. Ke3 Bd7 50. Nd4 g5 51. fxg5+ hxg5 52. hxg5+ Kxg5 53. Ne2 Kf5 54. Kd4 Kf6 55. Nc3 Ke7 56. Ke3 Kf6 57. Kf4 Be8 58. Ne4+ Ke7 59. Kg5 Bf7 60. Nc3 Be8 61. Ne2 Bf7 62. Nd4 Be8 63. Nf5+ Kd7 64. Kf6 Bh5 65. Nd4 1-0

[Event "Arco op 32nd"]
[Site "Arco"]
[Date "2010.10.17"]
[Round "2"]
[White "Klings, Peter"]
[Black "Mombelli, Antonio"]
[Result "1-0"]
[WhiteElo "2185"]
[BlackElo "1828"]
[PlyCount "47"]
[EventDate "2010.10.16"]
[EventType "swiss"]
[EventRounds "9"]
[EventCountry "ITA"]
[SourceTitle "EXT 2024"]
[Source "ChessBase"]
[SourceDate "2023.10.10"]
[SourceVersion "1"]
[SourceVersionDate "2023.10.10"]
[SourceQuality "1"]

1. e4 c5 2. a3 Nc6 3. b4 cxb4 4. axb4 Nxb4 5. d4 g6 6. c3 Nc6 7. d5 Na5 8. Nf3 Bg7 9. Bf4 Nf6 10. e5 Ng4 11. h3 Nh6 12. Nd4 f5 13. Nd2 0-0 14. N2f3 Nf7 15. Bd3 d6 16. exd6 Nxd6 17. 0-0 Ne4 18. Qe2 Qxd5 19. Rfb1 Nd6 20. Bxd6 Bxd4 21. Nxd4 Qxd6 22. Rxa5 b6 23. Re5 Re8 24. Re1 1-0

[Event "Arco op 32nd"]
[Site "Arco"]
[Date "2010.10.16"]
[Round "1"]
[White "Mombelli, Antonio"]
[Black "Billio, Atto"]
[Result "0-1"]
[WhiteElo "1828"]
[BlackElo "2138"]
[PlyCount "50"]
[EventDate "2010.10.16"]
[EventType "swiss"]
[EventRounds "9"]
[EventCountry "ITA"]
[SourceTitle "EXT 2024"]
[Source "ChessBase"]
[SourceDate "2023.10.10"]
[SourceVersion "1"]
[SourceVersionDate "2023.10.10"]
[SourceQuality "1"]

1. e4 c5 2. c3 Nf6 3. e5 Nd5 4. Nf3 e6 5. Bc4 d6 6. 0-0 Be7 7. d4 0-0 8. Qe2 Nc6 9. Na3 cxd4 10. cxd4 b6 11. Nc2 Bb7 12. Bd2 Rc8 13. Rac1 Rc7 14. Bxd5 exd5 15. e6 Bf6 16. Rfe1 Kh8 17. exf7 Rcxf7 18. Be3 Ne7 19. Bd2 Ng6 20. Be3 Bc8 21. Qd3 Bg4 22. Nd2 Qd7 23. Nf1 Nh4 24. Ng3 Bh3 25. gxh3 Qxh3 0-1

[Event "Arco op 31st"]
[Site "Arco"]
[Date "2009.10.19"]
[Round "3"]
[White "Mombelli, Antonio"]
[Black "Mazza, Maurizio"]
[Result "1-0"]
[WhiteElo "1829"]
[BlackElo "1677"]
[PlyCount "45"]
[EventDate "2009.10.17"]
[EventType "swiss"]
[EventRounds "9"]
[EventCountry "ITA"]
[SourceTitle "EXT 2010"]
[Source "ChessBase"]
[SourceDate "2010.11.25"]
[SourceVersion "1"]
[SourceVersionDate "2010.11.25"]
[SourceQuality "1"]

1. e4 e5 2. Nf3 Nc6 3. Bb5 Nf6 4. 0-0 d6 5. h3 Be7 6. Nc3 Bd7 7. d4 exd4 8. Nxd4 Nxd4 9. Qxd4 0-0 10. Bxd7 Qxd7 11. Be3 a5 12. Rad1 c5 13. Qd3 Qc6 14. Nd5 Nxd5 15. Qxd5 Qxd5 16. Rxd5 Rad8 17. Rfd1 Bf6 18. c3 Rfe8 19. f3 Re6 20. Bxc5 Be7 21. Kf1 Kf8 22. e5 Ke8 23. exd6 1-0

[Event "Arco op 30th"]
[Site "Arco"]
[Date "2008.10.25"]
[Round "8"]
[White "Mombelli, Antonio"]
[Black "Blasco, Domenico"]
[Result "1/2-1/2"]
[WhiteElo "1850"]
[BlackElo "2022"]
[PlyCount "72"]
[EventDate "2008.10.18"]
[EventType "swiss"]
[EventRounds "9"]
[EventCountry "ITA"]
[SourceTitle "CBM 127 Extra"]
[Source "ChessBase"]
[SourceDate "2009.01.08"]
[SourceVersion "2"]
[SourceVersionDate "2009.01.28"]
[SourceQuality "1"]

1. e4 g6 2. d4 Bg7 3. Nf3 d6 4. c3 Nf6 5. Bd3 0-0 6. 0-0 Nc6 7. Re1 e5 8. d5 Ne7 9. c4 h6 10. h3 Nh5 11. Nc3 Nf4 12. Bxf4 exf4 13. Qd2 g5 14. e5 dxe5 15. Nxe5 Bf5 16. Re2 Bxd3 17. Qxd3 Bxe5 18. Rxe5 Ng6 19. Re2 Qd7 20. Ne4 Qf5 21. Nc5 Qxd3 22. Nxd3 Rfe8 23. Rae1 Kf8 24. Nc5 Rxe2 25. Rxe2 b6 26. Na6 Rc8 27. b3 Kg7 28. f3 Kf6 29. Kf2 Ne5 30. Nb4 a5 31. Nc2 Nd3+ 32. Kf1 Nc1 33. Rd2 Nxa2 34. Nd4 Nb4 35. Nb5 Ke7 36. Nxc7 Kd7 1/2-1/2

[Event "Crema op 09th"]
[Site "Crema"]
[Date "2007.09.08"]
[Round "3"]
[White "Cammarota, Vittorio"]
[Black "Mombelli, Antonio"]
[Result "1-0"]
[WhiteElo "1916"]
[BlackElo "1693"]
[PlyCount "133"]
[EventDate "2007.09.07"]
[EventType "swiss"]
[EventRounds "6"]
[EventCountry "ITA"]
[SourceTitle "EXT 2009"]
[Source "ChessBase"]
[SourceDate "2008.11.26"]
[SourceVersion "1"]
[SourceVersionDate "2008.11.26"]
[SourceQuality "1"]

1. e4 c5 2. d3 Nc6 3. g3 Nf6 4. Bg2 d6 5. f4 g6 6. Nf3 Bg7 7. 0-0 0-0 8. c3 Rb8 9. a4 Qc7 10. h3 e5 11. Na3 a6 12. Nh4 b5 13. axb5 axb5 14. f5 b4 15. Nc4 Na7 16. Nxd6 Qxd6 17. Rxa7 c4 18. dxc4 Qb6+ 19. Kh2 Qxa7 20. fxg6 fxg6 21. Qd6 Qb6 22. Qd2 bxc3 23. bxc3 Ba6 24. Qa2 Kh8 25. Nf3 Rbe8 26. Ba3 Bb7 27. Bxf8 Bxf8 28. Ng5 Kg7 29. c5 Qc7 30. Ne6+ Rxe6 31. Qxe6 Qc6 32. Rxf6 Qxe6 33. Rxe6 Kf7 34. Rb6 Bc8 35. c6 Bd6 36. Bf1 Bc7 37. Rb2 Ke7 38. Rd2 Ba5 39. Rd3 Ke8 40. Rf3 Ke7 41. Bb5 Be6 42. c4 Bc7 43. Ra3 Bb6 44. Ra6 Bc7 45. c5 Bf7 46. Ra7 Kd8 47. Ra8+ Ke7 48. g4 h5 49. g5 Be8 50. Kg3 Bf7 51. h4 Be6 52. Rh8 Ba5 53. Rh7+ Kf8 54. Kf2 Bf7 55. Rh8+ Ke7 56. Ra8 Bc7 57. Ke3 Be6 58. Bf1 Bb3 59. Bh3 Bc4 60. Bd7 Bf7 61. Kd3 Bb3 62. Kc3 Bf7 63. Kb4 Bd8 64. Kb5 Bb3 65. Ka6 Bc2 66. c7 Kxd7 67. c8Q+ 1-0

[Event "Brianza-ch 36th"]
[Site "Monza"]
[Date "2002.02.21"]
[Round "6"]
[White "Bertazzo, Giorgio"]
[Black "Mombelli, Antonio"]
[Result "1/2-1/2"]
[WhiteElo "1968"]
[BlackElo "1600"]
[PlyCount "40"]
[EventDate "2002.03.07"]
[EventType "swiss"]
[EventRounds "8"]
[EventCountry "ITA"]
[SourceTitle "EXT 2007"]
[Source "ChessBase"]
[SourceDate "2006.11.23"]
[SourceVersion "1"]
[SourceVersionDate "2006.11.23"]
[SourceQuality "1"]

1. e4 e5 2. Nf3 Nf6 3. Nc3 Nc6 4. d4 exd4 5. Nxd4 Nxd4 6. Qxd4 d6 7. Nd5 Nd7 8. Bf4 Nc5 9. Bg3 Ne6 10. Qd2 g6 11. e5 Bg7 12. exd6 cxd6 13. 0-0-0 0-0 14. Bxd6 Re8 15. Bb5 Bd7 16. Be7 Rxe7 17. Nxe7+ Qxe7 18. Qxd7 Bxb2+ 19. Kxb2 Qb4+ 20. Kc1 Qa3+ 1/2-1/2